00946nam a2200253Ia 4500008004100000020001500041040001800056041000800074100001700082245016000099260004100259300001800300490002600318504003900344650004800383650003200431650004200463650002000505650003100525650001700556700001500573700003000588765007400618130821s1987 sp gr spa  a8475098169 aCo-BoUCMbspa00aspa1 aTaylor, S.J.10aIntroducción a los métodos cualitativos de investigación la búsqueda de significadoscS. J. Taylor y R. Bogdan ; traducción de Jorge Piatigorsky aBarcelona (España)bPaidósc1987 a343 páginas 0aPaidós Básicav37 aIncluye bibliografía e índice.04aEtnologíaxInvestigacionesxMetodología04aInvestigación cualitativa04aInvestigación socialxMetodología04aInvestigación04aMetodología científica04aSociología1 aBogdan, R.1 aPiatigorsky, Jorgeetrad,0 tIntroduction to qualitative research methods. The search for meanings